000 00885nam a2200253Ia 4500
003 OSt
005 20220923225109.0
006 a|||||r|||| 00| 0
007 ta
008 220922b |||||||| |||| 00| 0 hin d
024 _a257,225
037 _cTextual
040 _aARTS
_cARTS
_bhin
041 _2hin
_ahin
082 _aO15:gxE55,1:g, O152L6.2
100 _aमिश्र, कामेश्वरनाथ
245 0 _aसरस्वती कण्ठा भरणम्
246 _aSarasvatī kaṇṭhā bharaṇam
260 _aदिल्ली
_b चौखम्भा ओरियन्टालिया
_c1976
300 _a695पृ.
_ccm.
650 _aसंस्कृत साहित्य
942 _hO15:gxE55,1:g, O152L6.2
_cTEXL
_2CC
999 _c376029
_d376029